000 00509nam a22001697a 4500
005 20231026134821.0
008 231026b |||||||| |||| 00| 0 eng d
020 _a0702145769
041 _aEnglish
082 _a346.7 PRI
100 _aKahn E et. el
_lEnglish
245 _aPrinciples of the of Sale and Lease /
_cKahn E et. el
260 _aCape Town :
_bJuta & Co. Ltd,
_c1998
300 _bxxx, 102 pages ;
_c25 cm.
650 _aLegal practice
_bLaw
942 _cBK
_6ALISON_BN_VRIES
999 _c94
_d94